Tantra varttika (Record no. 405000)

MARC details
000 -LEADER
fixed length control field 00778nam a2200265Ia 4500
003 - CONTROL NUMBER IDENTIFIER
control field OSt
005 - DATE AND TIME OF LATEST TRANSACTION
control field 20220924120926.0
008 - FIXED-LENGTH DATA ELEMENTS--GENERAL INFORMATION
fixed length control field 220923b |||||||| |||| 00| 0 san d
037 ## - SOURCE OF ACQUISITION
Terms of availability Textual
040 ## - CATALOGING SOURCE
Original cataloging agency ARTS
Transcribing agency ARTS
Language of cataloging san
041 ## - LANGUAGE CODE
Source of code san
Language code of text/sound track or separate title san
100 ## - MAIN ENTRY--PERSONAL NAME
Personal name Bhatta Kumarila
245 #0 - TITLE STATEMENT
Title Tantra varttika
Remainder of title a commentary on Sabara's Bhasya on the Purvamamsa sutras of Jaimini tr by Ganganath Jha
250 ## - EDITION STATEMENT
Edition statement 2nd
260 ## - PUBLICATION, DISTRIBUTION, ETC.
Place of publication, distribution, etc. Delhi
Name of publisher, distributor, etc. Sri Satguru India
Date of publication, distribution, etc. 1983
300 ## - PHYSICAL DESCRIPTION
Extent 1728p.
Dimensions cm.
490 ## - SERIES STATEMENT
Series statement Sri Garib oriental series; 9-10
650 ## - SUBJECT ADDED ENTRY--TOPICAL TERM
Topical term or geographic name entry element BHATT MIMAMSA
942 ## - ADDED ENTRY ELEMENTS (KOHA)
Classification part R641x1,2, M3.1
Koha item type Textual
Source of classification or shelving scheme Colon Classification (CC)
Holdings
Withdrawn status Lost status Damaged status Not for loan Home library Current library Date acquired Total Checkouts Full call number Barcode Date last seen Price effective from Koha item type
        Arts Library Arts Library 2022-09-24   R641x1,2 M3.1 AL0787106 2022-09-24 2022-09-24 Textual
Copyright @ Delhi University Library System